[Event "Nassau-ch"]
[Site "Nassau"]
[Date "2009.11.02"]
[Round "3"]
[White "Zardus, David L"]
[Black "Slyper, Andrew J"]
[Result "1-0"]
[WhiteElo "1894"]
[BlackElo "1696"]
[PlyCount "67"]
[EventDate "2009.10.19"]
[EventType "swiss"]
[EventRounds "10"]
[EventCountry "USA"]
[SourceTitle "EXT 2011"]
[Source "ChessBase"]
[SourceDate "2010.11.26"]
[SourceVersion "1"]
[SourceVersionDate "2010.11.26"]
[SourceQuality "1"]

1. Nf3 Nf6 2. g3 g6 3. Bg2 Bg7 4. 0-0 0-0 5. d3 d6 6. Nbd2 Nbd7 7. Nh4 Rb8 8. f4 e6 9. e4 b6 10. Ndf3 Bb7 11. h3 a5 12. g4 Nc5 13. f5 Nfd7 14. g5 exf5 15. exf5 f6 16. fxg6 f5 17. gxh7+ Kh8 18. Ng6+ Kxh7 19. Nxf8+ Qxf8 20. Nh4 Bxg2 21. Qh5+ Kg8 22. g6 Bd4+ 23. Kxg2 Nf6 24. Qxf5 Re8 25. c3 Be3 26. Bxe3 Rxe3 27. Rae1 Rxe1 28. Rxe1 Ncd7 29. Qe6+ Kg7 30. Kh1 Ne5 31. Rg1 Qa8+ 32. Rg2 Qe8 33. Nf5+ Kf8 34. Qxf6+ 1-0

[Event "Nassau CC-ch"]
[Site "Mineola"]
[Date "2008.12.15"]
[Round "9"]
[White "Kreitner, Ilan"]
[Black "Zardus, David L"]
[Result "0-1"]
[WhiteElo "2000"]
[BlackElo "1807"]
[PlyCount "160"]
[EventDate "2008.10.20"]
[EventType "swiss"]
[EventRounds "10"]
[EventCountry "USA"]
[SourceTitle "EXT 2010"]
[Source "ChessBase"]
[SourceDate "2010.11.25"]
[SourceVersion "1"]
[SourceVersionDate "2010.11.25"]
[SourceQuality "1"]

1. e4 Nf6 2. e5 Nd5 3. c4 Nb6 4. d4 d6 5. f4 Bf5 6. Nc3 Nc6 7. Be3 dxe5 8. fxe5 e6 9. Be2 Na5 10. c5 Nd5 11. Qa4+ Nc6 12. Nxd5 exd5 13. Nf3 Be7 14. 0-0 0-0 15. b4 a6 16. Qb3 Be6 17. Qc3 Bf5 18. a3 f6 19. Nd2 Be6 20. Nf3 Bf5 21. Rad1 Bg4 22. h3 Be6 23. Rd2 Qd7 24. Bd1 Bxh3 25. gxh3 Qxh3 26. Rh2 Qg3+ 27. Rg2 Qh3 28. Rh2 Qg4+ 29. Kh1 fxe5 30. Qc2 e4 31. Rg1 Qe6 32. Qg2 Rf7 33. Ng5 Bxg5 34. Qxg5 Qf6 35. Qxf6 Rxf6 36. Rhg2 Rf7 37. Kh2 Re8 38. Bh5 g6 39. Bg4 Kg7 40. Kg3 Ref8 41. Be2 Ne7 42. Kh2 Nf5 43. Bf2 Kg8 44. Rd1 Ng7 45. Bg3 Nf5 46. Bf2 Ng7 47. Kg1 Ne6 48. Be3 Nf4 49. Bxf4 Rxf4 50. c6 b5 51. a4 Kg7 52. axb5 axb5 53. Rf1 Rxf1+ 54. Bxf1 Rb8 55. Rg5 Rb6 56. Rxd5 Rxc6 57. Rc5 Rd6 58. d5 Kf6 59. Bxb5 Ke5 60. Bc4 Rd7 61. Bb3 h5 62. Rc6 g5 63. Re6+ Kf5 64. Kf2 h4 65. Ke3 g4 66. Rxe4 h3 67. Re8 Kg6 68. Kf2 Rf7+ 69. Kg1 g3 70. Bc2+ Kg7 71. Re1 Rf2 72. Be4 Rb2 73. Bf3 Rxb4 74. Rc1 Kf6 75. Bg4 Rxg4 76. Rxc7 Rd4 77. Rc1 Rxd5 78. Kf1 Rd2 79. Rc3 h2 80. Rf3+ Ke5 0-1

[Event "Nassau CC-ch"]
[Site "Mineola"]
[Date "2008.11.24"]
[Round "6"]
[White "Zardus, David L"]
[Black "Romero, Stephen"]
[Result "0-1"]
[WhiteElo "1807"]
[BlackElo "1892"]
[PlyCount "74"]
[EventDate "2008.10.20"]
[EventType "swiss"]
[EventRounds "10"]
[EventCountry "USA"]
[SourceTitle "EXT 2010"]
[Source "ChessBase"]
[SourceDate "2010.11.25"]
[SourceVersion "1"]
[SourceVersionDate "2010.11.25"]
[SourceQuality "1"]

1. Nf3 Nf6 2. g3 d5 3. Bg2 Bf5 4. d3 e6 5. Nbd2 h6 6. 0-0 Be7 7. Re1 0-0 8. h3 Bh7 9. Nh2 c6 10. e4 dxe4 11. dxe4 e5 12. Ng4 Nbd7 13. Nc4 Qc7 14. f4 Bc5+ 15. Kh2 Nxg4+ 16. hxg4 Rad8 17. Qe2 b5 18. Nxe5 Nxe5 19. fxe5 Qxe5 20. c3 Rfe8 21. Bf4 Qe6 22. e5 Bb6 23. g5 hxg5 24. Bxg5 Rd7 25. Be4 Bxe4 26. Qxe4 Rd5 27. Bf4 Bc7 28. Kg2 Bxe5 29. Rh1 g6 30. Bg5 Bg7 31. Qxe6 Rxe6 32. Bc1 Rf5 33. Rf1 Re2+ 34. Kg1 Rh5 35. Rf2 Re1+ 36. Rf1 Rxf1+ 37. Kxf1 Rh1+ 0-1

[Event "Nassau CC-ch"]
[Site "Mineola"]
[Date "2008.11.17"]
[Round "5"]
[White "Lerman, Mark"]
[Black "Zardus, David L"]
[Result "0-1"]
[WhiteElo "1514"]
[BlackElo "1807"]
[PlyCount "96"]
[EventDate "2008.10.20"]
[EventType "swiss"]
[EventRounds "10"]
[EventCountry "USA"]
[SourceTitle "EXT 2010"]
[Source "ChessBase"]
[SourceDate "2010.11.25"]
[SourceVersion "1"]
[SourceVersionDate "2010.11.25"]
[SourceQuality "1"]

1. e4 Nf6 2. e5 Nd5 3. d4 d6 4. c4 Nb6 5. f4 Bf5 6. Bd3 Bxd3 7. Qxd3 dxe5 8. fxe5 Nc6 9. Nf3 e6 10. 0-0 Be7 11. Nc3 0-0 12. a3 Na5 13. Nd2 c5 14. d5 exd5 15. Nxd5 Nxd5 16. cxd5 Qb6 17. Qe3 h6 18. Nf3 Rfe8 19. Kh1 Rad8 20. b4 cxb4 21. Qxb6 axb6 22. d6 Bf8 23. axb4 Nc4 24. Bf4 g5 25. Nxg5 Nxe5 26. Ne4 Nc4 27. Rae1 f5 28. Ng3 Rxe1 29. Rxe1 Bxd6 30. Bxd6 Rxd6 31. h3 Nb2 32. Kg1 Nd3 33. Nxf5 Rf6 34. Re8+ Kf7 35. Re7+ Kf8 36. g4 Rxf5 37. Rxb7 Rf6 38. Rb8+ Kf7 39. Rb7+ Kg6 40. h4 Nxb4 41. h5+ Kg5 42. Rg7+ Kh4 43. Rg6 Nd5 44. Rg7 Ne3 45. Re7 Rf3 46. Re6 Kh3 47. Rxe3 Rxe3 48. Kf2 Rg3 0-1

[Event "Nassau CC-ch"]
[Site "Mineola"]
[Date "2008.11.10"]
[Round "4"]
[White "Zardus, David L"]
[Black "Parascandolo, Andrew"]
[Result "0-1"]
[WhiteElo "1807"]
[BlackElo "1960"]
[PlyCount "74"]
[EventDate "2008.10.20"]
[EventType "swiss"]
[EventRounds "10"]
[EventCountry "USA"]
[SourceTitle "EXT 2010"]
[Source "ChessBase"]
[SourceDate "2010.11.25"]
[SourceVersion "1"]
[SourceVersionDate "2010.11.25"]
[SourceQuality "1"]

1. Nf3 d5 2. g3 Nf6 3. Bg2 g6 4. 0-0 Bg7 5. d3 0-0 6. Nbd2 c6 7. e4 dxe4 8. dxe4 Qc7 9. Qe2 e5 10. b3 Bg4 11. h3 Bxf3 12. Nxf3 Nh5 13. Nh4 Nd7 14. Ba3 Rfd8 15. Rad1 Nf8 16. Nf5 Bf6 17. Bd6 Qa5 18. Nh6+ Kg7 19. Ng4 Ne6 20. Qf3 Ng5 21. Qe3 Qb6 22. Bc5 Qc7 23. Ba3 Be7 24. Bb2 f6 25. h4 Nf7 26. Bf3 Qb6 27. Qxb6 axb6 28. Ne3 Rxa2 29. Bc3 Bc5 30. Rxd8 Nxd8 31. Bxh5 Bxe3 32. Bd1 Bd4 33. Bd2 Ne6 34. c3 Bc5 35. b4 Be7 36. Be3 Ra3 37. Bd2 Nc7 0-1

[Event "Nassau CC-ch"]
[Site "Mineola"]
[Date "2007.10.22"]
[Round "2"]
[White "Zardus, David L"]
[Black "Stenzel, Harold G"]
[Result "0-1"]
[WhiteElo "1821"]
[BlackElo "2000"]
[PlyCount "70"]
[EventDate "2007.10.15"]
[EventType "swiss"]
[EventRounds "10"]
[EventCountry "USA"]
[SourceTitle "EXT 2009"]
[Source "ChessBase"]
[SourceDate "2008.11.26"]
[SourceVersion "1"]
[SourceVersionDate "2008.11.26"]
[SourceQuality "1"]

1. Nf3 d5 2. g3 c5 3. Bg2 Nc6 4. d3 e5 5. 0-0 Nf6 6. Nbd2 Be6 7. e4 d4 8. h3 Bd6 9. Ng5 Bd7 10. Nc4 Bc7 11. f4 h6 12. Nxf7 Kxf7 13. Nxe5+ Nxe5 14. fxe5 Bxe5 15. Qh5+ Ke6 16. Qg6 Qe8 17. Qf5+ Kd6 18. Qf3 Qg6 19. Bf4 Rae8 20. c3 Bc6 21. cxd4 cxd4 22. Rac1 Bxf4 23. gxf4 Nh5 24. Rxc6+ bxc6 25. e5+ Ke7 26. f5 Qg5 27. Qxc6 Qe3+ 28. Rf2 Qxe5 29. Bf3 Nf4 30. Qb7+ Kf8 31. Bg4 Nxd3 32. Re2 Qg3+ 33. Kf1 Rxe2 34. Kxe2 Nf4+ 35. Kf1 Qd3+ 0-1

[Event "Nassau CC-ch"]
[Site "Mineola"]
[Date "2002.12.16"]
[Round "9"]
[White "Zardus, David L"]
[Black "Berg, George P"]
[Result "0-1"]
[WhiteElo "1849"]
[BlackElo "2036"]
[PlyCount "110"]
[EventDate "2002.12.10"]
[EventType "swiss"]
[EventRounds "9"]
[EventCountry "USA"]
[SourceTitle "EXT 2004"]
[Source "ChessBase"]
[SourceDate "2003.11.25"]
[SourceVersion "1"]
[SourceVersionDate "2003.11.25"]
[SourceQuality "1"]

1. Nf3 c5 2. g3 b5 3. Bg2 Bb7 4. d3 Nf6 5. 0-0 g6 6. Nbd2 Bg7 7. e4 d6 8. c3 Qb6 9. a4 a6 10. axb5 axb5 11. Rxa8 Bxa8 12. Qb3 Nbd7 13. Re1 e5 14. c4 b4 15. Nf1 Qa5 16. Nh4 0-0 17. f4 Bc6 18. Bd2 Ra8 19. Qd1 Qa2 20. Bc1 Ba4 21. Qe2 Qb3 22. Ne3 Bc6 23. f5 Nb6 24. g4 g5 25. Nf3 h6 26. Nd2 Qa2 27. Qf2 Na4 28. Nf3 Nd7 29. h4 f6 30. hxg5 hxg5 31. Nd5 Bxd5 32. exd5 Qb3 33. Bf1 Nab6 34. Qh2 Ra2 35. Nd2 Qc2 36. Qh5 Ra1 37. Qe8+ Nf8 38. Qd8 Nbd7 39. Ne4 Rxc1 40. Rxc1 Qxc1 41. Nxd6 Qxb2 42. Qe7 Qd4+ 43. Kh1 Qxg4 44. Qf7+ Kh8 45. Ne8 Bh6 46. Nxf6 Nxf6 47. Qxf6+ Bg7 48. Qf7 e4 49. f6 Qf3+ 50. Bg2 Qxf6 51. Qh5+ Qh6 52. Qxh6+ Bxh6 53. Bxe4 Bg7 54. d4 Bxd4 55. Bf5 Kg7 0-1

[Event "Nassau CC-ch"]
[Site "Mineola"]
[Date "2002.11.25"]
[Round "6"]
[White "Weser, Adam"]
[Black "Zardus, David L"]
[Result "1-0"]
[WhiteElo "1690"]
[BlackElo "1849"]
[PlyCount "181"]
[EventDate "2002.12.10"]
[EventType "swiss"]
[EventRounds "9"]
[EventCountry "USA"]
[SourceTitle "EXT 2004"]
[Source "ChessBase"]
[SourceDate "2003.11.25"]
[SourceVersion "1"]
[SourceVersionDate "2003.11.25"]
[SourceQuality "1"]

1. d4 Nf6 2. c4 g6 3. Nc3 Bg7 4. e4 d6 5. Bd3 0-0 6. Nge2 e5 7. d5 Nbd7 8. 0-0 Nc5 9. Bc2 a5 10. Rb1 Bd7 11. b3 Nh5 12. a3 f5 13. f3 f4 14. b4 axb4 15. axb4 Na6 16. Ba3 Qg5 17. c5 Nxc5 18. bxc5 Rxa3 19. c6 bxc6 20. Ba4 Bh3 21. Rf2 c5 22. Qc1 Rxa4 23. Nxa4 Bd7 24. Nac3 Qh4 25. Rb7 Rc8 26. Nb5 Bxb5 27. Rxb5 g5 28. Qb1 g4 29. fxg4 Qxg4 30. Rb8 Nf6 31. Qb7 Rxb8 32. Qxb8+ Bf8 33. Nc3 Qg6 34. Re2 h5 35. Qxc7 Qg4 36. Qd8 Qg6 37. Qc8 Kg7 38. Qf5 Qf7 39. g3 Qa7 40. Kg2 Kf7 41. Qe6+ Kg7 42. gxf4 Qd7 43. Qxd7+ Nxd7 44. Kf3 exf4 45. Kxf4 Kf6 46. Rf2 Bh6+ 47. Kg3+ Ke7 48. Rf5 Bd2 49. Nb5 c4 50. Rxh5 Nf6 51. Rf5 Nxe4+ 52. Kf3 Nf6 53. h4 c3 54. Ke2 Ne4 55. Kd3 Ng3 56. Rf3 Nh5 57. Nxc3 Bc1 58. Rf5 Ng7 59. Rg5 Bxg5 60. hxg5 Kf7 61. Ke4 Kg6 62. Kf4 Nf5 63. Nb5 Ne7 64. Nc3 Nf5 65. Ne4 Ne7 66. Nf6 Nf5 67. Ng8 Ng7 68. Ne7+ Kf7 69. Nf5 Ne8 70. Kg4 Kg6 71. Nh4+ Kf7 72. Kh5 Nc7 73. g6+ Kf6 74. Kh6 Nxd5 75. g7 Ne7 76. Kh7 Kf7 77. Nf5 Nxf5 78. g8Q+ Kf6 79. Qg6+ Ke5 80. Qe8+ Kd5 81. Qh5 Ke4 82. Kg6 Ne3 83. Qe2 d5 84. Qh5 d4 85. Qh4+ Kd3 86. Kf6 Kc3 87. Qe1+ Kd3 88. Ke5 Nc2 89. Qd1+ Kc3 90. Ke4 Kb2 91. Kd3 1-0

[Event "Nassau CC-ch"]
[Site "Mineola"]
[Date "2002.10.28"]
[Round "2"]
[White "Stenzel, Harold G"]
[Black "Zardus, David L"]
[Result "1-0"]
[WhiteElo "2039"]
[BlackElo "1849"]
[PlyCount "73"]
[EventDate "2002.12.10"]
[EventType "swiss"]
[EventRounds "9"]
[EventCountry "USA"]
[SourceTitle "EXT 2004"]
[Source "ChessBase"]
[SourceDate "2003.11.25"]
[SourceVersion "1"]
[SourceVersionDate "2003.11.25"]
[SourceQuality "1"]

1. e4 Nf6 2. e5 Nd5 3. c4 Nb6 4. d4 d6 5. f4 dxe5 6. fxe5 Bf5 7. Nf3 e6 8. Be3 Nc6 9. Nc3 Bb4 10. Be2 0-0 11. 0-0 Na5 12. c5 Bxc3 13. bxc3 Nd5 14. Bd2 Nc6 15. Bb5 Nde7 16. Nh4 Nxd4 17. cxd4 Qxd4+ 18. Kh1 Qxh4 19. Rf4 Qg5 20. g4 Bxg4 21. Qxg4 Qxe5 22. Rg1 Ng6 23. Rf3 h5 24. Qh3 Qxc5 25. Rg5 Qc2 26. Rg2 Qb1+ 27. Bf1 Rad8 28. Qxh5 Qd1 29. Bc3 Rd5 30. Qh3 Rfd8 31. Rxg6 fxg6 32. Qxe6+ Kh7 33. Rf7 Rf5 34. Rxg7+ Kh6 35. Qe3+ Kh5 36. Rh7+ Kg4 37. Qg3# 1-0

[Event "Nassau CC-ch"]
[Site "Nassau"]
[Date "2001.12.17"]
[Round "10"]
[White "Zardus, David L"]
[Black "Salman, Joel"]
[Result "0-1"]
[WhiteElo "1807"]
[BlackElo "2246"]
[PlyCount "64"]
[EventDate "2001.??.??"]
[EventType "swiss"]
[EventRounds "10"]
[EventCountry "USA"]
[SourceTitle "EXT 2003"]
[Source "ChessBase"]
[SourceDate "2002.11.25"]
[SourceVersion "1"]
[SourceVersionDate "2002.11.25"]
[SourceQuality "1"]

1. Nf3 d5 2. g3 Bg4 3. Bg2 Nd7 4. d3 e5 5. c3 Bd6 6. 0-0 Ne7 7. Qa4 Bh5 8. Re1 0-0 9. Qh4 Bg6 10. e4 Nc5 11. Bf1 dxe4 12. dxe4 c6 13. b4 Na4 14. Bc4 b5 15. Bb3 a5 16. Rd1 Qc7 17. Bg5 Rfe8 18. a3 Nb2 19. Rd2 Nc4 20. Rda2 Nb6 21. bxa5 Rxa5 22. Nbd2 Rea8 23. c4 Rxa3 24. Be3 Nxc4 25. Nxc4 bxc4 26. Rxa3 Rxa3 27. Rxa3 Bxa3 28. Bxc4 Nc8 29. Nxe5 Be7 30. Qf4 Bd6 31. Bd4 c5 32. Bc3 Nb6 0-1

[Event "Nassau CC-ch"]
[Site "Nassau"]
[Date "2000.12.11"]
[Round "9"]
[White "Zardus, David L"]
[Black "Caruana, Fabiano"]
[Result "1/2-1/2"]
[WhiteElo "1816"]
[BlackElo "1575"]
[PlyCount "108"]
[EventDate "2000.10.??"]
[EventType "swiss"]
[EventRounds "10"]
[EventCountry "USA"]
[SourceTitle "EXT 2003"]
[Source "ChessBase"]
[SourceDate "2002.11.25"]
[SourceVersion "1"]
[SourceVersionDate "2002.11.25"]
[SourceQuality "1"]

1. Nf3 b6 2. g3 Bb7 3. Bg2 e6 4. 0-0 Nf6 5. d3 d5 6. Nbd2 Nbd7 7. Re1 Be7 8. c4 c5 9. cxd5 exd5 10. e4 0-0 11. e5 Ne8 12. Nf1 d4 13. N1d2 Qc7 14. e6 fxe6 15. Rxe6 Ndf6 16. Qe2 Nd5 17. Ne4 Bc8 18. Neg5 Bxg5 19. Nxg5 Bb7 20. Nxh7 Kxh7 21. Qh5+ Kg8 22. Bxd5 Bxd5 23. Qxd5 Qf7 24. Bf4 Rd8 25. Qe5 Nf6 26. Re7 Qg6 27. Qg5 Qxg5 28. Bxg5 a5 29. Bxf6 Rxf6 30. Rae1 b5 31. Re8+ Rf8 32. Rxf8+ Kxf8 33. b3 Kf7 34. f4 Kf6 35. Kf2 Rc8 36. Ke2 c4 37. dxc4 bxc4 38. bxc4 Rxc4 39. Rd1 Kf5 40. h3 Ke4 41. Kd2 Rc3 42. Re1+ Kf3 43. f5 Kxg3 44. Rg1+ Kxh3 45. Rxg7 Rf3 46. Rb7 Rxf5 47. Kd3 Rd5 48. Rb3 Kg4 49. Ke4 Rd7 50. Rd3 Rb7 51. Rxd4 Rb2 52. a4 Ra2 53. Kd3+ Kf3 54. Kc3 Ra3+ 1/2-1/2

[Event "Nassau CC-ch"]
[Site "Nassau"]
[Date "2000.11.13"]
[Round "5"]
[White "Guevara, Robert N"]
[Black "Zardus, David L"]
[Result "1-0"]
[WhiteElo "1795"]
[BlackElo "1816"]
[PlyCount "49"]
[EventDate "2000.10.??"]
[EventType "swiss"]
[EventRounds "10"]
[EventCountry "USA"]
[SourceTitle "EXT 2003"]
[Source "ChessBase"]
[SourceDate "2002.11.25"]
[SourceVersion "1"]
[SourceVersionDate "2002.11.25"]
[SourceQuality "1"]

1. d4 Nf6 2. Nf3 g6 3. Bg5 Bg7 4. Nbd2 0-0 5. e4 d6 6. Be2 Nbd7 7. 0-0 c5 8. c3 Qb6 9. Nc4 Qc7 10. e5 dxe5 11. dxe5 Ng4 12. Bxe7 Ndxe5 13. Bd6 Nxf3+ 14. Bxf3 Qd7 15. Bxf8 Kxf8 16. Bxg4 Qxd1 17. Bxd1 Be6 18. Ne3 b5 19. Bf3 Rd8 20. Rad1 Rxd1 21. Rxd1 Bxa2 22. Bd5 c4 23. Ra1 Bb3 24. Rxa7 b4 25. Rxf7+ 1-0

[Event "Nassau CC-ch"]
[Site "Nassau"]
[Date "2000.11.06"]
[Round "4"]
[White "Zardus, David L"]
[Black "Felber, Joseph J"]
[Result "0-1"]
[WhiteElo "1816"]
[BlackElo "2003"]
[PlyCount "74"]
[EventDate "2000.10.??"]
[EventType "swiss"]
[EventRounds "10"]
[EventCountry "USA"]
[SourceTitle "EXT 2003"]
[Source "ChessBase"]
[SourceDate "2002.11.25"]
[SourceVersion "1"]
[SourceVersionDate "2002.11.25"]
[SourceQuality "1"]

1. Nf3 Nf6 2. g3 b6 3. Bg2 Bb7 4. 0-0 g6 5. d3 Bg7 6. Nbd2 0-0 7. e4 d6 8. c3 c5 9. Nh4 b5 10. f4 Qb6 11. a4 a6 12. axb5 axb5 13. Rxa8 Bxa8 14. Qe2 Nbd7 15. g4 e5 16. g5 Nh5 17. f5 Nf4 18. Rxf4 exf4 19. f6 Bh8 20. Ndf3 Ne5 21. Bxf4 c4+ 22. d4 Nd3 23. Bg3 Re8 24. Ne1 Bxe4 25. Bxe4 d5 26. Nxd3 Rxe4 27. Qf1 cxd3 28. Qxd3 Qa6 29. Kg2 Qc6 30. Nf3 h6 31. h4 hxg5 32. hxg5 Qa6 33. Ne5 Qa4 34. Nc6 Qb3 35. Ne7+ Kh7 36. Bf4 Qxb2+ 37. Bd2 Rh4 0-1

[Event "Nassau CC-ch"]
[Site "Nassau"]
[Date "1999.12.13"]
[Round "9"]
[White "Kaplan, Ivan"]
[Black "Zardus, David L"]
[Result "0-1"]
[WhiteElo "1700"]
[BlackElo "1913"]
[PlyCount "54"]
[EventDate "1999.10.18"]
[EventType "swiss"]
[EventRounds "10"]
[EventCountry "USA"]
[SourceTitle "EXT 2003"]
[Source "ChessBase"]
[SourceDate "2002.11.25"]
[SourceVersion "1"]
[SourceVersionDate "2002.11.25"]
[SourceQuality "1"]

1. d4 Nf6 2. c4 g6 3. Nf3 Bg7 4. Nc3 d6 5. e4 0-0 6. Bd3 Bg4 7. h3 Bxf3 8. Qxf3 Nc6 9. Be3 e5 10. d5 Nd4 11. Qd1 Nh5 12. Ne2 Nxe2 13. Qxe2 Nf4 14. Bxf4 exf4 15. 0-0-0 c6 16. g4 cxd5 17. exd5 Qb6 18. Rd2 f3 19. Qxf3 Bh6 20. Rhd1 Qa5 21. Bb1 Rac8 22. b3 Qa3+ 23. Kc2 Rxc4+ 24. Kd3 Bxd2 25. Rxd2 Rc1 26. Bc2 Rc8 27. Bd1 R1c3+ 0-1

[Event "Nassau CC-ch"]
[Site "Nassau"]
[Date "1999.11.08"]
[Round "4"]
[White "Zardus, David L"]
[Black "Jarva, Eugene Edward"]
[Result "0-1"]
[WhiteElo "1913"]
[BlackElo "1737"]
[PlyCount "72"]
[EventDate "1999.10.18"]
[EventType "swiss"]
[EventRounds "10"]
[EventCountry "USA"]
[SourceTitle "EXT 2003"]
[Source "ChessBase"]
[SourceDate "2002.11.25"]
[SourceVersion "1"]
[SourceVersionDate "2002.11.25"]
[SourceQuality "1"]

1. Nf3 Nf6 2. g3 g6 3. Bg2 Bg7 4. 0-0 0-0 5. d3 d5 6. Nbd2 c6 7. c3 Nbd7 8. Qc2 e5 9. e4 dxe4 10. dxe4 Qc7 11. b3 Nb6 12. a4 a5 13. Ba3 Re8 14. Rad1 Bf8 15. Bxf8 Rxf8 16. Nh4 Nh5 17. Ndf3 f6 18. Rd2 Be6 19. c4 Rad8 20. Rfd1 Rxd2 21. Qxd2 Nd7 22. h3 Nc5 23. Qe3 b6 24. Kf1 Rd8 25. Rd2 Rxd2 26. Nxd2 Qd7 27. Ke2 Bxh3 28. Qh6 Bxg2 29. Nxg2 Qd3+ 30. Kd1 Nxe4 31. Ne1 Nxf2+ 32. Kc1 Qc3+ 33. Nc2 Nxg3 34. Qh2 Ne2+ 35. Kb1 Nd3 36. Qxe5 fxe5 0-1

[Event "Nassau CC-ch"]
[Site "Long Island"]
[Date "1998.??.??"]
[Round "?"]
[White "Nakamura, Asuka"]
[Black "Zardus, David L"]
[Result "1-0"]
[WhiteElo "2125"]
[BlackElo "2010"]
[PlyCount "89"]
[EventDate "1998.??.??"]
[EventType "swiss"]
[EventRounds "10"]
[EventCountry "USA"]
[SourceTitle "EXT 2002"]
[Source "ChessBase"]
[SourceDate "2001.11.25"]
[SourceVersion "1"]
[SourceVersionDate "2001.11.25"]
[SourceQuality "1"]

1. e4 Nf6 2. Nc3 d5 3. e5 d4 4. exf6 dxc3 5. bxc3 exf6 6. d4 Be6 7. Nf3 Nd7 8. Bd3 Bd6 9. Qe2 0-0 10. 0-0 Re8 11. Be3 c6 12. Nd2 Qc7 13. h3 Rab8 14. Nc4 Bh2+ 15. Kh1 b5 16. Nd2 Bf4 17. Qf3 Bxe3 18. fxe3 Nf8 19. c4 bxc4 20. Bxc4 Qa5 21. Qe2 Qc3 22. Qd3 Qxd3 23. cxd3 Rb2 24. Rfd1 Ng6 25. Rab1 Reb8 26. Bb3 Rxb1 27. Rxb1 Ne7 28. Kh2 Nf5 29. Bxe6 Rxb1 30. Bxf5 Rb2 31. Nc4 Rxa2 32. Bd7 Ra6 33. Bc8 Ra2 34. Bb7 a5 35. Bxc6 a4 36. d5 a3 37. d6 Kf8 38. d7 Ke7 39. Nd6 Rxg2+ 40. Kxg2 a2 41. Nb7 a1Q 42. d8Q+ Ke6 43. Qd7+ Ke5 44. d4+ Qxd4 45. Qxd4+ 1-0

[Event "Nassau CC-ch"]
[Site "Long Island"]
[Date "1998.??.??"]
[Round "?"]
[White "Shapiro, Daniel E"]
[Black "Zardus, David L"]
[Result "1/2-1/2"]
[WhiteElo "2295"]
[BlackElo "2010"]
[PlyCount "87"]
[EventDate "1998.??.??"]
[EventType "swiss"]
[EventRounds "10"]
[EventCountry "USA"]
[SourceTitle "EXT 2002"]
[Source "ChessBase"]
[SourceDate "2001.11.25"]
[SourceVersion "1"]
[SourceVersionDate "2001.11.25"]
[SourceQuality "1"]

1. d4 Nf6 2. c4 g6 3. Nc3 Bg7 4. e4 d6 5. Nf3 0-0 6. Be2 e5 7. 0-0 Nc6 8. d5 Ne7 9. b4 c6 10. Qb3 Nh5 11. g3 f5 12. Ng5 Nf6 13. f3 h6 14. Ne6 Bxe6 15. dxe6 Qc8 16. Rd1 Rd8 17. b5 Qxe6 18. bxc6 bxc6 19. Be3 Kh7 20. Rd2 f4 21. Bf2 h5 22. Rad1 fxg3 23. hxg3 Bh6 24. Rd3 g5 25. Qa3 Ne8 26. c5 d5 27. exd5 cxd5 28. Kg2 d4 29. Ne4 g4 30. Rh1 Qg6 31. Rb3 Nd5 32. Rb7+ Kh8 33. Qb3 Nf4+ 34. Kf1 Nxe2 35. Kxe2 d3+ 36. Kd1 gxf3 37. Nd2 Nf6 38. Qe6 Bxd2 39. Rxh5+ Bh6 40. Be3 Qxh5 41. Qxf6+ Kg8 42. Qe6+ Kh8 43. Qf6+ Kg8 44. Qe6+ 1/2-1/2